000 00975nac a22002531u 4500
008 110427m19982010nju|||||r|||| 001 0 eng d
010 _a 97003029
020 _a0135096839
020 _a9780135096833
082 0 0 _a621.381
_bFLO
_222
100 _aFloyd, Thomas L.
_923350
245 1 0 _aElectronics Fundamentals :
_bCircuits, Devices, and Applications /
_cThomas L. Floyd, David M. Buchla
250 _a8th ed.
260 _aUpper Saddle River, N.J. :
_bPearson, 2010
_c2010
300 _axv, 1063 p. :
_bill. (some col.) ;
_c29 cm.
500 _aIncludes index.
650 0 _aElectronics.
_923351
650 0 _aElectronic circuits.
_923352
650 0 _aElectronic apparatus and appliances.
_923353
653 _bEle
_cApril2011
700 _923349
_aBuchla, David M.
942 _cBB
_k621.381FLO
_2ddc
999 _c15183
_d15183